Chili's Nicknames - Statistics

General Stats
  • This quiz has been taken 12 times
  • The average score is 4 of 7
Answer Stats
Hint Answer % Correct
Swim School Sharon
73%
Trains Madge
64%
Zoo Lady Gaberdine
55%
Ghostbasket Monique
55%
Work Pavlova
55%
Trains Charise
45%
Library Chilli Dog
45%
No matching quizzes found
Score Distribution
Percent of People with Each Score
Percentile by Number Answered
Your Score History
You have not taken this quiz